Rozpoznaj youtubera po zdjęciu #2 - Statystyki

Ogólne statystyki
  • Ten quiz został rozwiązany 200 razy
  • Średni wynik to 11 z 16
Statystyki odpowiedzi
Obrazkowy Odpowiedź % Poprawnych
Friz
99%
ajthepolishamerican
88%
Natsu
87%
czvjnik
85%
Lexy
77%
Nitro
75%
Palion
72%
Isamu
67%
Mortalcio
65%
Cyber Marian
64%
Bartek Kubicki
62%
Z Dvpy
58%
Dominik Rupiński
43%
Martin Stankiewicz
40%
JDabrowsky
39%
Vito Minecraft
38%
Nie znaleziono quizów pasujących do podanych kryteriów
Rozkład punktacji
Procent ludzi z każdym wynikiem
Percentyl według liczby udzielonych odpowiedzi
Twoja historia wyników
Nie rozwiązałeś tego quizu